000 01207nam a2200229Ia 4500
001 L264-20667
003 IT-CnALBA
008 170116s9999||||xx |||||||||||||| ||und||
040 _aIT-CnALBA
_cIT-CnALBA
041 _aLATINO
100 _aCONGREGAZIONE SACRA DEI RITI
245 0 _aMISSALE ROMANUM... MISSAE PROPRIAE DE SANCTIS CUM MISSIS OMNIUM NOVORUM SANCTORUM.
250 _a1a ed.
260 _a LUGDUNI
_bGAY NICOLAUM (APUD)
_c1672 [1° Ed.:1672 - Ed.Ling.Originale: 1672]
300 _a720 p.
500 _aMESSALE ROMANO SECONDO LA RIFORMA DI PIO V. CLEMENTE VIII E URBANO VIII. INDICE DEI NOMI DEI SANTI. ULTIME MESSE DEI SANTI. COMUNE DEI SANTI. MESSE VOTIVE. MESSE DELLA VERGINE MARIA. MESSE DEL SIGNORE. MUTILO DELLE ILLUSTRAZIONI.
501 _aSocietà San Paolo EM - Piazza San Paolo, 14 - 12051 ALBA (CN) (non commercial uses only) ® Copyright 2017
520 _aMESSALE ROMANO SECONDO LA RIFORMA DI PIO V. CLEMENTE VIII E URBANO VIII. INDICE DEI NOMI DEI SANTI. ULTIME MESSE DEI SANTI. COMUNE DEI SANTI. MESSE VOTIVE. MESSE DELLA VERGINE MARIA. MESSE DEL SIGNORE. MUTILO DELLE ILLUSTRAZIONI.
650 _aCULTO PUBBLICO LITURGIA
942 _cBK
957 _71
999 _a25404
_bSI
_g Copie: 1
_c279783
_d279783